01318cam a22003255i 4500001000700000003000900007005001700016008004100033020004000074020001800114040004300132082001900175100004000194245008000234264008800314300004500402336002600447337002800473338002700501490008400528504004100612650003300653650002600686653002500712655002400737700005300761942001200814999001700826952014900843741062EG-ScBUE20250218101121.0990428s1999 xxu f b 000 0 eng d a082182029X (softcover : alk. paper) a9780821820292 aEG-ScBUEbengerdacEG-ScBUEdEG-ScBUE04a519.2bLAW2221 aLawler, Gregory F.,d1955-eauthor.10aLectures on contemporary probability /cGregory F. Lawler, Lester N. Coyle. 1aProvidence :bAmerican Mathematical Society :bInstitute For Advanced Study,c1999. axii, 99 pages :billustrations ;c22 cm. 2rdacontentatextbtxt aunmediated2rdamediabn avolumebnc2rdacarrier0 aStudent mathematical library,aIAS/Park City mathematical subseries ;vvolume 2 aIncludes bibliographical references. 7aStochastic processes.2BUEsh 7aProbabilities.2BUEsh bENGGENcFebruary2017 vReading book9342321 aCoyle, Lester N.q(Lester Noel),d1967-eauthor. 2ddccBB c24125d24097 00102ddc40708BaccahaMAINbMAINc1STd2017-02-11ePurchaseg550.00l1m21o519.2 LAWp000045416r2025-07-15 00:00:00s2017-02-15v688.00yBB